[Event "Hamburg-chT Landesliga 2122"]
[Site "Hamburg"]
[Date "2022.05.15"]
[Round "4.3"]
[White "Meyling, Lennart"]
[Black "Kneip, Jakob"]
[Result "1-0"]
[WhiteElo "2089"]
[BlackElo "2103"]
[PlyCount "115"]
[EventDate "2021.10.31"]
[EventType "team-tourn"]
[EventRounds "9"]
[EventCountry "GER"]
[SourceTitle "EXT 2023"]
[Source "ChessBase"]
[SourceDate "2022.10.05"]
[SourceVersion "1"]
[SourceVersionDate "2022.10.05"]
[SourceQuality "1"]
[WhiteTeam "Hamburger SK VI"]
[BlackTeam "Fischbek"]
[WhiteTeamCountry "GER"]
[BlackTeamCountry "GER"]

1. d4 d5 2. c4 e6 3. Nc3 a6 4. cxd5 exd5 5. Bf4 Be6 6. e3 Bd6 7. Nge2 Nf6 8. Bxd6 Qxd6 9. Nf4 0-0 10. Bd3 Nc6 11. Nxe6 Qxe6 12. 0-0 Rae8 13. Qb3 Rb8 14. Na4 Ne7 15. Nc5 Qg4 16. Qc2 Ng6 17. b4 Rfe8 18. Bf5 Qg5 19. Nd7 Nxd7 20. Bxd7 Red8 21. Bh3 Qe7 22. Rab1 c6 23. a4 Qd6 24. b5 axb5 25. axb5 Ne7 26. Rb2 Ra8 27. Rfb1 g6 28. g3 h5 29. bxc6 bxc6 30. Bf1 h4 31. Rb6 hxg3 32. hxg3 Kg7 33. Bb5 Rh8 34. Bxc6 Qe6 35. Bxa8 Qh3 36. Bxd5 Nxd5 37. Qe4 Qh2+ 38. Kf1 Nc3 39. Rxg6+ Kh7 40. Qf3 Qh3+ 41. Ke1 fxg6 42. Rb7+ Kh6 43. Qf4+ Kh5 44. Qe5+ Kg4 45. Qe6+ Kf3 46. Qc6+ Ne4 47. Rf7+ Qf5 48. Rxf5+ gxf5 49. Kd1 Kxf2 50. g4 Kxe3 51. gxf5 Rd8 52. Kc2 Rd6 53. Qa4 Kf4 54. Qc4 Kxf5 55. Qb5+ Kf4 56. Kd3 Nf2+ 57. Ke2 Ng4 58. Qb8 1-0

[Event "Hamburg-chT Landesliga 2122"]
[Site "Hamburg"]
[Date "2022.03.27"]
[Round "6.3"]
[White "Ludwig, Jan"]
[Black "Kneip, Jakob"]
[Result "0-1"]
[WhiteElo "2055"]
[BlackElo "2103"]
[PlyCount "94"]
[EventDate "2021.10.31"]
[EventType "team-tourn"]
[EventRounds "9"]
[EventCountry "GER"]
[SourceTitle "EXT 2023"]
[Source "ChessBase"]
[SourceDate "2022.10.05"]
[SourceVersion "1"]
[SourceVersionDate "2022.10.05"]
[SourceQuality "1"]
[WhiteTeam "Weisse Dame"]
[BlackTeam "Fischbek"]
[WhiteTeamCountry "GER"]
[BlackTeamCountry "GER"]

1. e4 c5 2. Nf3 e6 3. c3 Nc6 4. d4 d5 5. e5 Bd7 6. Bd3 Qb6 7. dxc5 Bxc5 8. 0-0 Qc7 9. Qe2 Nge7 10. b4 Bb6 11. a4 a6 12. Ba3 Ng6 13. Re1 Nf4 14. Qd2 Nxd3 15. Qxd3 Ne7 16. Bc1 Rc8 17. Be3 Bxe3 18. Qxe3 Nf5 19. Qe2 Qc4 20. Qb2 g5 21. Nfd2 Qg4 22. h3 Qh4 23. Nf3 Qf4 24. Qc1 Qxc1 25. Rxc1 Rg8 26. g4 Ne7 27. Nbd2 h6 28. Nb3 Ng6 29. Nc5 Rc7 30. Nxd7 Kxd7 31. b5 a5 32. c4 Rxc4 33. Rxc4 dxc4 34. Rd1+ Ke7 35. Rc1 Rc8 36. Kh2 c3 37. Rc2 Rc4 38. Kg3 Nf4 39. h4 gxh4+ 40. Kxh4 Nd5 41. Kh5 Rxa4 42. Kxh6 Rxg4 43. Ra2 b6 44. Rc2 Rc4 45. Kg5 Nb4 46. Rc1 c2 47. Ne1 a4 0-1

[Event "Hamburg-chT Landesliga 2122"]
[Site "Hamburg"]
[Date "2021.11.21"]
[Round "2.3"]
[White "Czeremin, Claus"]
[Black "Kneip, Jakob"]
[Result "1/2-1/2"]
[WhiteElo "2025"]
[BlackElo "2103"]
[PlyCount "79"]
[EventDate "2021.10.31"]
[EventType "team-tourn"]
[EventRounds "9"]
[EventCountry "GER"]
[SourceTitle "EXT 2023"]
[Source "ChessBase"]
[SourceDate "2022.10.05"]
[SourceVersion "1"]
[SourceVersionDate "2022.10.05"]
[SourceQuality "1"]
[WhiteTeam "Hamburger SK V"]
[BlackTeam "Fischbek"]
[WhiteTeamCountry "GER"]
[BlackTeamCountry "GER"]

1. Nf3 d5 2. g3 Nf6 3. Bg2 Bf5 4. c4 e6 5. cxd5 exd5 6. Qb3 Qc8 7. 0-0 c6 8. d3 Be7 9. Bf4 Nbd7 10. Re1 0-0 11. Nc3 Nc5 12. Qc2 h6 13. Nd4 Bh7 14. b4 Ne6 15. Nxe6 fxe6 16. a3 g5 17. Bc1 e5 18. e4 d4 19. Na4 Kg7 20. Rf1 Nh5 21. Nc5 Bg8 22. Qe2 Kg6 23. f4 gxf4 24. Bf3 Qh3 25. Bxh5+ Qxh5 26. Qxh5+ Kxh5 27. Nd7 fxg3 28. Nxf8 gxh2+ 29. Kxh2 Rxf8 30. Bd2 Rxf1 31. Rxf1 Be6 32. Kg3 Kg6 33. a4 h5 34. Kh2 Bb3 35. Rg1+ Kf7 36. a5 a6 37. Rf1+ Ke6 38. Kg3 Bc2 39. Rf3 Bd1 40. Rf2 1/2-1/2

[Event "Hamburg-chT Landesliga 1920"]
[Site "Hamburg"]
[Date "2020.01.19"]
[Round "5.2"]
[White "Kneip, Jakob"]
[Black "Frackowiak, Oliver"]
[Result "1/2-1/2"]
[WhiteElo "2079"]
[BlackElo "2201"]
[PlyCount "58"]
[EventDate "2019.09.29"]
[EventType "team-tourn"]
[EventRounds "9"]
[EventCountry "GER"]
[SourceTitle "EXT 2021"]
[Source "ChessBase"]
[SourceDate "2020.10.23"]
[SourceVersion "1"]
[SourceVersionDate "2020.10.23"]
[SourceQuality "1"]

1. e4 c5 2. Nf3 e6 3. d4 cxd4 4. Nxd4 Nf6 5. Nc3 Nc6 6. Ndb5 Bc5 7. Nd6+ Ke7 8. Bf4 e5 9. Nf5+ Kf8 10. Bg5 d6 11. Bd3 Be6 12. Nd5 Bxd5 13. exd5 Nb4 14. 0-0 Nbxd5 15. c4 Nc7 16. Qd2 h6 17. Bxf6 Qxf6 18. b4 Bd4 19. Nxd4 exd4 20. Be4 Rb8 21. Rad1 Ne6 22. f4 b5 23. f5 Ng5 24. Qxd4 Nxe4 25. Qxe4 Kg8 26. cxb5 Kh7 27. Qd4 Qxd4+ 28. Rxd4 Rxb5 29. Rxd6 a5 1/2-1/2

[Event "Hamburg-chT Landesliga 1819"]
[Site "Hamburg"]
[Date "2019.04.14"]
[Round "9.3"]
[White "Kneip, Jakob"]
[Black "Meier, David Geffrey"]
[Result "0-1"]
[WhiteElo "2102"]
[BlackElo "2137"]
[PlyCount "60"]
[EventDate "2018.10.21"]
[EventType "team-tourn"]
[EventRounds "9"]
[EventCountry "GER"]
[SourceTitle "EXT 2020"]
[Source "ChessBase"]
[SourceDate "2019.10.17"]
[SourceVersion "1"]
[SourceVersionDate "2019.10.17"]
[SourceQuality "1"]
[WhiteTeam "Fischbek"]
[BlackTeam "Hamburger SK IV"]
[WhiteTeamCountry "GER"]
[BlackTeamCountry "GER"]

1. e4 g6 2. d4 Bg7 3. Nc3 d6 4. Be3 a6 5. a4 Nd7 6. f4 c5 7. Nf3 Ngf6 8. Be2 0-0 9. h3 Nh5 10. 0-0 cxd4 11. Nxd4 Ng3 12. Rf3 Nxe2+ 13. Ndxe2 b6 14. g4 Bb7 15. Ng3 Rc8 16. h4 Nc5 17. Bd4 e5 18. Bxc5 Rxc5 19. f5 Qxh4 20. b4 Rc4 21. f6 Bxf6 22. Kg2 Bg5 23. Qxd6 Bf4 24. Qxb6 Bc8 25. Rh1 Qg5 26. Nd5 Rxc2+ 27. Kg1 Be6 28. Rh5 gxh5 29. Nxh5 Qh4 30. Ndf6+ Kh8 0-1

[Event "Hamburg-chT Landesliga 1819"]
[Site "Hamburg"]
[Date "2019.04.13"]
[Round "8.3"]
[White "Hein, Ralf"]
[Black "Kneip, Jakob"]
[Result "1-0"]
[WhiteElo "2049"]
[BlackElo "2102"]
[PlyCount "69"]
[EventDate "2018.10.21"]
[EventType "team-tourn"]
[EventRounds "9"]
[EventCountry "GER"]
[SourceTitle "EXT 2020"]
[Source "ChessBase"]
[SourceDate "2019.10.17"]
[SourceVersion "1"]
[SourceVersionDate "2019.10.17"]
[SourceQuality "1"]
[WhiteTeam "Hamburg Diogenes II"]
[BlackTeam "Fischbek"]
[WhiteTeamCountry "GER"]
[BlackTeamCountry "GER"]

1. c4 e6 2. Nc3 d5 3. d4 Nf6 4. Nf3 Be7 5. Bf4 0-0 6. e3 b6 7. Rc1 Bb7 8. cxd5 Nxd5 9. Nxd5 Qxd5 10. a3 Bd6 11. Bxd6 cxd6 12. Bc4 Qa5+ 13. Rc3 Rc8 14. 0-0 b5 15. Bd3 Rxc3 16. bxc3 Qxa3 17. Bxh7+ Kxh7 18. Ng5+ Kg6 19. Qg4 f5 20. Qh4 Qa2 21. Qh7+ Kf6 22. Qg8 Nd7 23. Qf7+ Kxg5 24. Qxg7+ Kh5 25. h4 Rg8 26. Qh7+ Kg4 27. f3+ Kg3 28. Qxg8+ Kxh4 29. Qh7+ Kg5 30. Qg7+ Kh5 31. Qxd7 Bd5 32. Qh7+ Kg5 33. Qg7+ Kh5 34. f4 Bxg2 35. Qg5# 1-0

[Event "Hamburg-chT Landesliga 1819"]
[Site "Hamburg"]
[Date "2019.02.24"]
[Round "7.3"]
[White "Kneip, Jakob"]
[Black "Kluth, Carsten"]
[Result "1/2-1/2"]
[WhiteElo "2102"]
[BlackElo "2109"]
[PlyCount "32"]
[EventDate "2018.10.21"]
[EventType "team-tourn"]
[EventRounds "9"]
[EventCountry "GER"]
[SourceTitle "EXT 2020"]
[Source "ChessBase"]
[SourceDate "2019.10.17"]
[SourceVersion "1"]
[SourceVersionDate "2019.10.17"]
[SourceQuality "1"]
[WhiteTeam "Fischbek"]
[BlackTeam "St Pauli III"]
[WhiteTeamCountry "GER"]
[BlackTeamCountry "GER"]

1. e4 c5 2. Nf3 a6 3. c3 d5 4. exd5 Qxd5 5. d4 e6 6. Be2 Nf6 7. 0-0 Nbd7 8. Bf4 Be7 9. Ne5 Nxe5 10. Bxe5 0-0 11. Bf3 Qd8 12. Qb3 cxd4 13. Rd1 Nd7 14. Bxd4 Qc7 15. Nd2 e5 16. Be3 Nc5 1/2-1/2

[Event "Hamburg Old School-NSJ Youth"]
[Site "Hamburg"]
[Date "2019.01.30"]
[Round "5.5"]
[White "Poschadel, Andreas Gregor"]
[Black "Kneip, Jakob"]
[Result "0-1"]
[WhiteElo "1630"]
[BlackElo "2102"]
[PlyCount "130"]
[EventDate "2019.01.30"]
[EventType "schev"]
[EventRounds "5"]
[EventCountry "GER"]
[SourceTitle "CBM 190 Extra"]
[Source "ChessBase"]
[SourceDate "2019.07.15"]
[SourceVersion "1"]
[SourceVersionDate "2019.07.15"]
[SourceQuality "1"]

1. d4 d5 2. Nf3 Nf6 3. Bf4 c5 4. e3 Nc6 5. c3 Qb6 6. Na3 c4 7. Qc1 Bf5 8. h3 h6 9. Be2 e6 10. Nc2 Be7 11. 0-0 0-0 12. Re1 Qa5 13. Nd2 b5 14. Bf3 Be4 15. Bxe4 Nxe4 16. f3 Nf6 17. e4 Rfe8 18. e5 Nh7 19. Bh2 b4 20. Ne3 Rab8 21. Qc2 bxc3 22. bxc3 Qa3 23. Reb1 Nxd4 24. cxd4 Qxe3+ 25. Kh1 Bb4 26. Rd1 Bxd2 27. Rxd2 Rb7 28. Rad1 Reb8 29. Re2 Qa3 30. Qc1 Qxc1 31. Rxc1 Rb1 32. Rxb1 Rxb1+ 33. Bg1 Nf8 34. Kh2 Ng6 35. g3 Ne7 36. Rc2 Nc6 37. Be3 Nb4 38. Re2 c3 39. a3 Rb2 40. Rg2 Nd3 41. a4 a5 42. f4 Rxg2+ 43. Kxg2 c2 44. g4 c1Q 45. Bxc1 Nxc1 46. f5 Ne2 47. fxe6 fxe6 48. h4 Nc3 49. Kf3 Nxa4 50. Ke3 Kf7 51. Kd3 Kg6 52. Kc2 h5 53. g5 Kf5 54. Kb3 Nb6 55. Ka3 Kg4 56. Kb3 Kxh4 57. g6 Kg3 58. Kc3 h4 59. Kd3 h3 60. Ke2 h2 61. Kd3 h1Q 62. Kc3 Kf3 63. Kd3 Nc4 64. Kc3 Qc1+ 65. Kb3 Qb2+ 0-1

[Event "Harburg-chA 12th"]
[Site "Hamburg"]
[Date "2017.08.05"]
[Round "2"]
[White "Kneip, Jakob"]
[Black "Ramme, Christoph"]
[Result "0-1"]
[WhiteElo "2085"]
[BlackElo "2116"]
[PlyCount "123"]
[EventDate "2017.08.06"]
[EventType "tourn"]
[EventRounds "5"]
[EventCountry "GER"]
[SourceTitle "CBM 180 Extra"]
[Source "ChessBase"]
[SourceDate "2017.10.06"]
[SourceVersion "1"]
[SourceVersionDate "2017.10.06"]
[SourceQuality "1"]

1. d4 Nf6 2. c4 e6 3. Nc3 Bb4 4. e3 0-0 5. Nge2 c6 6. a3 Ba5 7. b4 Bc7 8. d5 exd5 9. cxd5 Nxd5 10. Nxd5 cxd5 11. Bb2 Qg5 12. h4 Qf5 13. Nd4 Qf6 14. Bd3 Be5 15. g4 Nc6 16. g5 Qd6 17. Nf5 Qe6 18. Qh5 g6 19. Nh6+ Kg7 20. Qe2 Bxb2 21. Qxb2+ Qe5 22. 0-0-0 d6 23. Be2 Be6 24. Ng4 Bxg4 25. Bxg4 f6 26. Rd2 Qe4 27. f3 Qxe3 28. Kd1 d4 29. Re1 Qc3 30. Qxc3 dxc3 31. Rxd6 fxg5 32. hxg5 Rad8 33. Rxd8 Rxd8+ 34. Kc2 Rd5 35. f4 a5 36. Kxc3 axb4+ 37. axb4 Kf8 38. Rh1 Kg7 39. Rd1 Rxd1 40. Bxd1 h6 41. gxh6+ Kxh6 42. Bf3 Nd8 43. Kd4 g5 44. fxg5+ Kxg5 45. Ke5 b5 46. Bd5 Kg4 47. Be6+ Kf3 48. Bd7 Ke3 49. Bxb5 Kd2 50. Bd7 Kc3 51. b5 Kb4 52. Kd6 Nb7+ 53. Kc6 Na5+ 54. Kb6 Nc4+ 55. Ka6 Kc5 56. Be6 Nb6 57. Bg8 Nc8 58. Bf7 Nb6 59. Be8 Nd5 60. Ka7 Nb6 61. Kb7 Nc4 62. Ka6 0-1

[Event "Lueneburg op-A"]
[Site "Lueneburg"]
[Date "2017.07.16"]
[Round "9"]
[White "Ewert, Hannes"]
[Black "Kneip, Jakob"]
[Result "1-0"]
[WhiteElo "2266"]
[BlackElo "2107"]
[PlyCount "93"]
[EventDate "2017.07.08"]
[EventType "swiss"]
[EventRounds "9"]
[EventCountry "GER"]
[SourceTitle "CBM 179 Extra"]
[Source "ChessBase"]
[SourceDate "2017.08.23"]
[SourceVersion "1"]
[SourceVersionDate "2017.08.23"]
[SourceQuality "1"]

1. e4 c6 2. Nf3 d5 3. Nc3 Bg4 4. h3 Bxf3 5. Qxf3 e6 6. g3 Nf6 7. Bg2 dxe4 8. Nxe4 Nxe4 9. Qxe4 Qd5 10. d4 Nd7 11. 0-0 Qxe4 12. Bxe4 Be7 13. c4 Nb6 14. b3 Rd8 15. Be3 0-0 16. Rad1 Rd7 17. a4 Nc8 18. Bf3 Rfd8 19. d5 cxd5 20. cxd5 exd5 21. Bg4 Rc7 22. Rc1 Rxc1 23. Rxc1 d4 24. Bxd4 Rxd4 25. Rxc8+ Bf8 26. Rc7 Re4 27. Rxb7 Re7 28. Rb5 Rc7 29. Be2 g6 30. g4 Bc5 31. Kg2 Bb6 32. a5 Bd4 33. Rd5 Bc3 34. Bc4 Kg7 35. Kf3 Re7 36. Rb5 h6 37. h4 Kf6 38. a6 Rc7 39. h5 Bd4 40. Rd5 Bb6 41. hxg6 fxg6 42. Rd6+ Kg7 43. Kg2 Bc5 44. Rd8 Re7 45. Rd5 Bb6 46. Rd6 Re4 47. Rxb6 1-0

[Event "Lueneburg op-A"]
[Site "Lueneburg"]
[Date "2017.07.13"]
[Round "6"]
[White "Kneip, Jakob"]
[Black "Meschke, Oliver"]
[Result "1-0"]
[WhiteElo "2107"]
[BlackElo "1952"]
[PlyCount "75"]
[EventDate "2017.07.08"]
[EventType "swiss"]
[EventRounds "9"]
[EventCountry "GER"]
[SourceTitle "CBM 179 Extra"]
[Source "ChessBase"]
[SourceDate "2017.08.23"]
[SourceVersion "1"]
[SourceVersionDate "2017.08.23"]
[SourceQuality "1"]

1. e4 d5 2. exd5 Qxd5 3. Nc3 Qd6 4. d4 Nf6 5. Nf3 a6 6. g3 b5 7. Bg2 Bb7 8. 0-0 e6 9. Bf4 Qb6 10. a4 Bd6 11. Be3 c5 12. axb5 axb5 13. Qe2 Rxa1 14. Rxa1 Ba6 15. dxc5 Bxc5 16. Bxc5 Qxc5 17. Qe5 Qxe5 18. Nxe5 0-0 19. Nc6 b4 20. Nxb4 Bc8 21. Ra8 Bd7 22. Bf3 g5 23. Ra5 h6 24. Ne2 Rd8 25. c3 Be8 26. Nd4 Rd6 27. Ra8 Rb6 28. Nd3 Kg7 29. b4 Na6 30. Ne5 Nc7 31. Ra1 Ncd5 32. Ra3 Rd6 33. Nc2 Nc7 34. c4 Rd2 35. Ne3 Bd7 36. Ra7 Nfe8 37. Nxd7 Rxd7 38. b5 1-0

[Event "Lueneburg op-A"]
[Site "Lueneburg"]
[Date "2017.07.11"]
[Round "4"]
[White "Kneip, Jakob"]
[Black "Krotofil, Kurt"]
[Result "1-0"]
[WhiteElo "2107"]
[BlackElo "1955"]
[PlyCount "85"]
[EventDate "2017.07.08"]
[EventType "swiss"]
[EventRounds "9"]
[EventCountry "GER"]
[SourceTitle "CBM 179 Extra"]
[Source "ChessBase"]
[SourceDate "2017.08.23"]
[SourceVersion "1"]
[SourceVersionDate "2017.08.23"]
[SourceQuality "1"]

1. e4 c5 2. Nf3 Nc6 3. d4 cxd4 4. Nxd4 Nf6 5. Nc3 e5 6. Ndb5 d6 7. Bg5 a6 8. Na3 b5 9. Bxf6 gxf6 10. Nd5 f5 11. Bd3 Be6 12. c3 Bg7 13. Nxb5 axb5 14. Bxb5 Bd7 15. exf5 0-0 16. 0-0 Nb8 17. f6 Bxf6 18. Nxf6+ Qxf6 19. Bxd7 Nxd7 20. Qg4+ Qg6 21. Qxd7 f5 22. f4 Rab8 23. b3 Rf7 24. Qc6 e4 25. Rae1 Qe6 26. Re3 Rc8 27. Qa6 Rfc7 28. c4 Rc6 29. Qa7 Qf6 30. Rd1 R8c7 31. Qd4 Qxd4 32. Rxd4 Kf7 33. Rd5 Ke6 34. Rh3 Ra6 35. Rh6+ Kd7 36. Rxh7+ Kc6 37. Rxd6+ Kxd6 38. Rh6+ Kc5 39. Rxa6 Kd4 40. Kf2 Rd7 41. c5 e3+ 42. Ke2 Ke4 43. Ra4+ 1-0

[Event "Lueneburg op-A"]
[Site "Lueneburg"]
[Date "2017.07.10"]
[Round "3"]
[White "Bokelmann, Joachim"]
[Black "Kneip, Jakob"]
[Result "1/2-1/2"]
[WhiteElo "1968"]
[BlackElo "2107"]
[PlyCount "50"]
[EventDate "2017.07.08"]
[EventType "swiss"]
[EventRounds "9"]
[EventCountry "GER"]
[SourceTitle "CBM 179 Extra"]
[Source "ChessBase"]
[SourceDate "2017.08.23"]
[SourceVersion "1"]
[SourceVersionDate "2017.08.23"]
[SourceQuality "1"]

1. d4 d5 2. Nf3 Nf6 3. a3 Bf5 4. c4 c6 5. cxd5 cxd5 6. Qb3 Qc8 7. Nc3 e6 8. Bf4 Nh5 9. Bxb8 Rxb8 10. e4 Bxe4 11. Bb5+ Ke7 12. Nxe4 dxe4 13. Ng5 a6 14. Be2 Nf6 15. Qe3 Nd5 16. Qxe4 h6 17. Nf3 Ke8 18. 0-0 Bd6 19. Rac1 Qd8 20. Ne5 Ke7 21. Bc4 Re8 22. Bxd5 Bxe5 23. Qxe5 Qxd5 24. Rc7+ Kf8 25. Qxd5 exd5 1/2-1/2

[Event "Lueneburg op-A"]
[Site "Lueneburg"]
[Date "2017.07.09"]
[Round "2"]
[White "Kneip, Jakob"]
[Black "Reuter, Elisa"]
[Result "1/2-1/2"]
[WhiteElo "2107"]
[BlackElo "1648"]
[PlyCount "261"]
[EventDate "2017.07.08"]
[EventType "swiss"]
[EventRounds "9"]
[EventCountry "GER"]
[SourceTitle "CBM 179 Extra"]
[Source "ChessBase"]
[SourceDate "2017.08.23"]
[SourceVersion "1"]
[SourceVersionDate "2017.08.23"]
[SourceQuality "1"]

1. e4 c5 2. Nf3 g6 3. d4 cxd4 4. Nxd4 Bg7 5. c4 Nc6 6. Be3 Nf6 7. Nc3 0-0 8. Be2 d6 9. 0-0 Bd7 10. f3 Nxd4 11. Bxd4 a5 12. Qd2 Bc6 13. b3 Nd7 14. Be3 Nc5 15. Rab1 Qb6 16. Rfc1 Rfc8 17. Rc2 Qd8 18. Bf1 h5 19. g3 Kh7 20. Bh3 Rcb8 21. Bg2 Rc8 22. Bh3 Rcb8 23. Bg2 Rc8 24. Kh1 Qh8 25. Nd5 Qd8 26. Rbc1 Kh8 27. Re1 Kh7 28. Rec1 Kh8 29. Rb1 Kh7 30. Re1 Kh8 31. f4 Kh7 32. Bg1 b6 33. Qe2 Bxd5 34. exd5 Ra7 35. Qe3 Rb7 36. a4 Rcc7 37. Bf3 Qd7 38. Bd1 Kg8 39. Kg2 Bh6 40. Rf2 Qf5 41. Bc2 Qd7 42. Qf3 Qg4 43. Qxg4 hxg4 44. f5 g5 45. Rfe2 Bg7 46. Rb1 Bc3 47. Bd1 Bf6 48. Rc2 Nd3 49. Bxg4 Nc5 50. Be3 Nd3 51. Rd2 Ne5 52. Be2 Kg7 53. Rh1 Rc8 54. g4 Rg8 55. Rdd1 Kf8 56. Rdg1 Rh8 57. h4 Rg8 58. Kf2 Nd7 59. hxg5 Bxg5 60. Rh5 Bf6 61. Ke1 Nc5 62. Bd1 Ne4 63. g5 Be5 64. Bc2 Nc5 65. Rh7 Nd7 66. Ke2 Bg7 67. Kf3 Ne5+ 68. Kf4 Nd7 69. Rgh1 Ne5 70. R7h3 Bf6 71. Rh5 Bg7 72. R5h4 Rb8 73. Ke4 Rb7 74. Rf1 Nd7 75. Rh7 Rb8 76. Rb1 Nc5+ 77. Kf3 Nd7 78. Kf4 Be5+ 79. Kf3 Bc3 80. Kg3 Nf6 81. Rh4 Nd7 82. Rf1 Be5+ 83. Kh3 Bg7 84. Rh7 Rb7 85. Rb1 Bc3 86. Rg1 Bg7 87. g6 Nf6 88. Rh4 Rb8 89. Bd1 Rb7 90. Bh5 Rh8 91. Bf3 Rg8 92. Kg2 Rb8 93. Kf2 Rb7 94. Ke2 Rb8 95. Bh5 Rh8 96. Rgh1 fxg6 97. fxg6 Rg8 98. Bg4 Nxg4 99. Rxg4 Ke8 100. Rh7 Kd7 101. Kd3 Rbf8 102. Rh1 Rf5 103. Rg3 Rff8 104. Ke4 Be5 105. Rg2 Bg7 106. Rgg1 Be5 107. Rh4 Bg7 108. Rh7 Be5 109. Bxb6 Rb8 110. Bxa5 Rxb3 111. Bd2 Rb2 112. Kd3 Ra2 113. a5 Ra3+ 114. Ke4 Ra2 115. Ke3 Ra3+ 116. Ke2 Ra2 117. Kd3 Ra3+ 118. Ke4 Ra2 119. Bg5 Rxg6 120. Rxe7+ Kc8 121. Rf1 Rg8 122. Be3 Rxa5 123. Bb6 Ra6 124. Rc7+ Kb8 125. Rc6 Kb7 126. Rf7+ Ka8 127. Kf5 Re8 128. Bg1 Ra1 129. Ra7+ Rxa7 130. Bxa7 Kxa7 131. c5 1/2-1/2

[Event "Hamburg-ch"]
[Site "Hamburg"]
[Date "2016.05.22"]
[Round "9"]
[White "Urban, Ralf Dieter"]
[Black "Kneip, Jakob"]
[Result "0-1"]
[WhiteElo "2052"]
[BlackElo "2095"]
[PlyCount "120"]
[EventDate "2016.05.14"]
[EventType "swiss"]
[EventRounds "9"]
[EventCountry "GER"]
[SourceTitle "EXT 2018"]
[Source "ChessBase"]
[SourceDate "2017.10.13"]
[SourceVersion "1"]
[SourceVersionDate "2017.10.13"]
[SourceQuality "1"]

1. e4 c6 2. d4 d5 3. exd5 cxd5 4. c4 Nf6 5. Nc3 Nc6 6. Bg5 dxc4 7. Bxc4 h6 8. Bxf6 exf6 9. Nf3 Bd6 10. d5 Ne7 11. Bb5+ Bd7 12. 0-0 0-0 13. Qa4 Bf5 14. Nd4 Qb6 15. Nxf5 Nxf5 16. Rad1 a6 17. Bd7 Qxb2 18. Ne4 b5 19. Qa5 Qe5 20. Nxd6 Nxd6 21. Rfe1 Nc4 22. Rxe5 Nxa5 23. Re7 Rfd8 24. d6 Kf8 25. Kf1 Rab8 26. Rd5 Rb7 27. Rc5 Nc4 28. Rc7 Rxc7 29. Rxf7+ Kxf7 30. dxc7 Ke7 31. cxd8Q+ Kxd8 32. Be6 Kc7 33. Ke2 Kd6 34. Bc8 Kc5 35. Kd3 Nd6 36. Be6 a5 37. Bg8 Kb4 38. Kd4 Nf5+ 39. Ke4 Ne7 40. Be6 Kc3 41. Bd7 b4 42. Ba4 Kb2 43. Bb3 a4 44. Bxa4 Kxa2 45. Kd4 b3 46. Kc5 h5 47. Kd6 Nf5+ 48. Kd5 Nh4 49. Ke6 Nxg2 50. Kf7 b2 51. Bc2 Ne1 52. Be4 Kb3 53. Bd5+ Ka3 54. Be4 Kb3 55. Bd5+ Kc3 56. Ba2 Kc2 57. Kxg7 Nd3 58. Kxf6 Nb4 59. Be6 b1Q 60. Bf5+ Nd3 0-1

[Event "Hamburg-ch"]
[Site "Hamburg"]
[Date "2016.05.19"]
[Round "6"]
[White "Kneip, Jakob"]
[Black "Bente, Bjoern"]
[Result "1-0"]
[WhiteElo "2095"]
[BlackElo "2253"]
[PlyCount "61"]
[EventDate "2016.05.14"]
[EventType "swiss"]
[EventRounds "9"]
[EventCountry "GER"]
[SourceTitle "EXT 2018"]
[Source "ChessBase"]
[SourceDate "2017.10.13"]
[SourceVersion "1"]
[SourceVersionDate "2017.10.13"]
[SourceQuality "1"]

1. d4 Nf6 2. c4 c5 3. d5 g6 4. Nc3 Bg7 5. e4 d6 6. Bd3 0-0 7. Nf3 e6 8. 0-0 Na6 9. Bg5 h6 10. Bd2 Nc7 11. Rb1 Rb8 12. a3 exd5 13. exd5 b5 14. b3 Re8 15. h3 a6 16. Qc2 Bd7 17. Bf4 Qe7 18. Nd2 Nh5 19. Bh2 Be5 20. Rfe1 Qf6 21. Rxe5 Rxe5 22. Nce4 Qe7 23. Qc3 f5 24. Bxe5 fxe4 25. Nxe4 Qxe5 26. Qxe5 dxe5 27. g4 bxc4 28. bxc4 Rxb1+ 29. Bxb1 Kg7 30. gxh5 Bf5 31. Nxc5 1-0

[Event "Hamburg-ch"]
[Site "Hamburg"]
[Date "2016.05.16"]
[Round "3"]
[White "Kneip, Jakob"]
[Black "Dumjahn, Carsten"]
[Result "1-0"]
[WhiteElo "2095"]
[BlackElo "2038"]
[PlyCount "49"]
[EventDate "2016.05.14"]
[EventType "swiss"]
[EventRounds "9"]
[EventCountry "GER"]
[SourceTitle "EXT 2018"]
[Source "ChessBase"]
[SourceDate "2017.10.13"]
[SourceVersion "1"]
[SourceVersionDate "2017.10.13"]
[SourceQuality "1"]

1. d4 e6 2. e4 d5 3. Nc3 Nc6 4. Nf3 Nf6 5. Bd3 Bb4 6. 0-0 Bxc3 7. exd5 Bxb2 8. Bxb2 exd5 9. Ba3 Be6 10. Rb1 Na5 11. Re1 Qd7 12. Ne5 Qc8 13. f4 Ne4 14. Bxe4 dxe4 15. Rxe4 c6 16. Re3 g6 17. c4 Qc7 18. Qa4 0-0-0 19. d5 cxd5 20. cxd5 Rxd5 21. Rc1 Nc6 22. Nxc6 bxc6 23. Rxc6 Rd1+ 24. Kf2 Rd2+ 25. Ke1 1-0

[Event "Hamburg-ch"]
[Site "Hamburg"]
[Date "2016.05.14"]
[Round "1"]
[White "Kneip, Jakob"]
[Black "Rudolph, Jens Erik"]
[Result "1-0"]
[WhiteElo "2095"]
[BlackElo "1981"]
[PlyCount "101"]
[EventDate "2016.05.14"]
[EventType "swiss"]
[EventRounds "9"]
[EventCountry "GER"]
[SourceTitle "EXT 2018"]
[Source "ChessBase"]
[SourceDate "2017.10.13"]
[SourceVersion "1"]
[SourceVersionDate "2017.10.13"]
[SourceQuality "1"]

1. d4 e6 2. e4 d5 3. Nc3 dxe4 4. Nxe4 Bd7 5. Nf3 Bc6 6. Bd3 Nd7 7. c3 Ngf6 8. Nxf6+ Nxf6 9. Bf4 Bxf3 10. Qxf3 c6 11. Be5 Be7 12. 0-0 0-0 13. Rfe1 g6 14. Rad1 Nh5 15. Bc4 Bf6 16. g4 Bxe5 17. dxe5 Qg5 18. Re4 Rad8 19. Red4 Rxd4 20. Rxd4 Ng7 21. Qf4 Qxf4 22. Rxf4 Rd8 23. Rd4 Rxd4 24. cxd4 Ne8 25. Kg2 Ng7 26. Kf3 h5 27. h3 hxg4+ 28. hxg4 Kf8 29. Kf4 Ke7 30. Kg5 Ne8 31. f4 Nc7 32. Bd3 Nd5 33. f5 gxf5 34. gxf5 a5 35. f6+ Ke8 36. Kg4 Nb4 37. Bb1 Kd7 38. Kf4 b5 39. Ke4 a4 40. a3 Nd5 41. Bc2 Kc7 42. Bd1 Kd7 43. Bf3 Nb6 44. Kd3 Nc4 45. Kc3 Na5 46. Bd1 Nc4 47. Bxa4 Nxb2 48. Kxb2 bxa4 49. Kc3 c5 50. dxc5 Kc6 51. Kc4 1-0

[Event "Lueneburg op-A"]
[Site "Lueneburg"]
[Date "2015.08.17"]
[Round "3"]
[White "Rick, Uwe"]
[Black "Kneip, Jakob"]
[Result "1-0"]
[WhiteElo "2164"]
[BlackElo "2059"]
[PlyCount "51"]
[EventDate "2015.08.15"]
[EventType "swiss"]
[EventRounds "9"]
[EventCountry "GER"]
[SourceTitle "EXT 2016"]
[Source "ChessBase"]
[SourceDate "2015.10.08"]
[SourceVersion "1"]
[SourceVersionDate "2015.10.08"]
[SourceQuality "1"]

1. d4 d5 2. Nf3 Nf6 3. c4 c6 4. Qc2 dxc4 5. Qxc4 Bg4 6. Nc3 Nbd7 7. Ne5 Bh5 8. Bg5 Qa5 9. Nxd7 Nxd7 10. Bd2 e6 11. e4 Qc7 12. Be2 Bxe2 13. Qxe2 e5 14. d5 Bb4 15. dxc6 Qxc6 16. 0-0 Nf6 17. Rac1 Bxc3 18. Bxc3 Rc8 19. Bd2 Qd7 20. Rxc8+ Qxc8 21. Qb5+ Nd7 22. Rc1 Qd8 23. Bb4 b6 24. Bd6 f6 25. Rc7 a6 26. Qc6 1-0